01175 a2200193 45000010006000000050017000060080041000230030015000640400040000790800125001192450081002440200022003252640032003473000025003795050508004040410008009121000030009207000031009506398020260521160828.0260521a1991 arg spa dAR-UNSa-BCEJYS aAR-UNSa-BCEJYSbspacAR-UNSa-BCEJYS a658.012.2xPlanificación. Programas. Planes. Medidas de apoyo a la planificación( Administración estratégica...)10aGestión de carteraspEl concepto del beneficio potencial y su aplicación a978-84-7615-729-9 1aMadrid :bMcGraw-Hillc1991 axiii, 135 p.c23 cm. a1. Introducción. Gestión de carteras: un instrumento de estrategia - 2. La identificación y el mantenimiento del beneficio potencial, como tarea principal de la gestión de carteras - 3. La UNE: Elemento clave para la gestión de carteras - 4. Utilización del análisis multifactorial (matriz de nueve entradas) en la gestión de carteras - 5. La gestión de carteras en el contexto del programa IBEM - 6. Gestión de carteras: ¿Una moda o una herramienta de gestión que perdurará? -  aspa1 aNeubauer, Franz-Friedrich1 aJiménez Lazcano, Eduardo